| 000 | 00940cab a2200337 4500 | ||
|---|---|---|---|
| 001 | ABS60449 | ||
| 008 | 090401t1999 xxu||||| |||| 00| 0 eng d | ||
| 035 | _a(Sirsi) u92932 | ||
| 041 | _aeng | ||
| 245 | _aFocus 99: M4 junctions 10-18 | ||
| 260 | _c1999 | ||
| 350 | _a0 | ||
| 490 |
_aEstates Gazette _v(9914) 10 April 1999, 90-119(15) |
||
| 650 | _aBATH | ||
| 650 | _aBRACKNELL | ||
| 650 | _aINDUSTRIAL MARKET | ||
| 650 | _aIT SECTOR | ||
| 650 | _aLOCAL ECONOMY | ||
| 650 | _aM4 CORRIDOR | ||
| 650 | _aNEWBURY | ||
| 650 | _aPROPERTY-COMMERCIAL PROPERTY-OFFICE PROPERTY-OFFICE PROPERTY MARKET | ||
| 650 | _aORACLE | ||
| 650 | _aREADING | ||
| 650 | _aPROPERTY-COMMERCIAL PROPERTY-RETAIL PROPERTY-RETAIL PROPERTY MARKET | ||
| 650 | _aSHOPPING CENTRES | ||
| 650 | _aSWINDON | ||
| 650 | _aTRANSPORT LINKS | ||
| 690 | _aPROPERTY-COMMERCIAL PROPERTY-COMMERCIAL PROPERTY MARKET | ||
| 942 | _n0 | ||
| 948 | _c22/04/1999 | ||
| 999 |
_c58891 _d58891 |
||